Carabela. Bloque de trabajo personalizado. 2º curso E.G.B. Segundo bloque

Saved in:
Bibliographic Details
Main Author: Equipo pedagógico La Salle
Format: Unknown
Language:Spanish
Published: Madrid Bruño 1972
Textbook Catalogue:MANES:  Library Catalog Search Result
Textbook Classification:
Tags: Add Tag
No Tags, Be the first to tag this record!
Added to:2016-04-26
Changed in:2024-11-20

MARC

LEADER 000000000a22000000004500
001 01714
003 OSt
005 20241121020106.0
008 160427s sp ||||| |||| 00| 0 spa d
040 |c centro_manes 
041 1 |a spa 
691 7 |a PRI 
100 1 |a Equipo pedagógico La Salle  |9 140 
245 0 0 |a Carabela. Bloque de trabajo personalizado. 2º curso E.G.B. Segundo bloque 
260 3 |a Madrid  |b Bruño  |c 1972 
300 |a varias p.  |c 16x24 cm 
500 |a Fecha de publicación tomada del Depósito Legal 
690 0 |a EyL 
942 |2 ddc  |c BK 
546 |a España 
999 |c 7688  |d 7688 
999 |c manes:7688  |d 7688